[Event "Schweinfurt op 24th"]
[Site "Schweinfurt"]
[Date "2014.06.20"]
[Round "3"]
[White "Weber, Bernhard"]
[Black "Heinrich, Michael"]
[Result "1-0"]
[WhiteElo "1941"]
[BlackElo "1653"]
[PlyCount "77"]
[EventDate "2014.06.19"]
[EventType "swiss"]
[EventRounds "7"]
[EventCountry "GER"]
[SourceTitle "CBM 161 Extra"]
[Source "ChessBase"]
[SourceDate "2014.08.29"]
[SourceVersion "1"]
[SourceVersionDate "2014.08.29"]
[SourceQuality "1"]

1. e4 c5 2. Nf3 Nc6 3. d4 cxd4 4. Nxd4 Nf6 5. Nc3 d6 6. Be2 e5 7. Nf3 Be6 8. Bg5 Be7 9. 0-0 0-0 10. Re1 a6 11. a3 Qc7 12. Bxf6 Bxf6 13. Nd5 Bxd5 14. Qxd5 Ne7 15. Qb3 Rfd8 16. Rad1 Rac8 17. c3 Qc6 18. Bf1 Ng6 19. g3 Rc7 20. h4 Nf8 21. Nh2 Ne6 22. Ng4 Be7 23. Bg2 Nc5 24. Qc2 h5 25. Ne3 Bf8 26. Nd5 Rcc8 27. Qe2 g6 28. Qf3 Nd7 29. Bh3 Kg7 30. Kh2 Rb8 31. Rg1 Nb6 32. Ne3 Be7 33. g4 Bxh4 34. gxh5 d5 35. Nf5+ Kf8 36. hxg6 dxe4 37. g7+ Kg8 38. Qh5 f6 39. Ne7# 1-0

[Event "Unterfranken-ch HB 63th"]
[Site "Schweinfurt"]
[Date "2012.04.12"]
[Round "6"]
[White "Heinrich, Michael"]
[Black "Trapp, Kevin"]
[Result "1-0"]
[WhiteElo "1643"]
[BlackElo "1470"]
[PlyCount "93"]
[EventDate "2012.04.09"]
[EventType "swiss"]
[EventRounds "9"]
[EventCountry "GER"]
[SourceTitle "EXT 2015"]
[Source "ChessBase"]
[SourceDate "2014.11.20"]
[SourceVersion "1"]
[SourceVersionDate "2014.11.20"]
[SourceQuality "1"]

1. e4 e5 2. Nf3 d6 3. d4 exd4 4. Nxd4 Nf6 5. Nc3 Bd7 6. Bc4 Be7 7. 0-0 Nc6 8. Be3 0-0 9. f3 Nxd4 10. Bxd4 Be6 11. Bxe6 fxe6 12. e5 dxe5 13. Bxe5 Bc5+ 14. Kh1 Nd5 15. Qe2 Bd6 16. Bxd6 Qxd6 17. Rad1 Nxc3 18. bxc3 Qc6 19. Rfe1 Rad8 20. Rd3 Kf7 21. Qd2 Rd6 22. Rd1 Rfd8 23. Qf4+ Kg8 24. Qe5 Rd5 25. Qe4 Qa6 26. h3 Rxd3 27. Rxd3 Rxd3 28. Qxd3 Qxd3 29. cxd3 b5 30. Kg1 c5 31. Kf2 a5 32. Ke2 Kf7 33. Ke3 Kf6 34. d4 c4 35. a3 Kf5 36. f4 h5 37. g3 g5 38. fxg5 Kxg5 39. Ke4 Kf6 40. Kf4 Ke7 41. g4 hxg4 42. hxg4 Kf6 43. Ke4 Kg5 44. d5 Kf6 45. d6 Kf7 46. g5 Ke8 47. g6 1-0

[Event "Unterfranken-ch HB 63th"]
[Site "Schweinfurt"]
[Date "2012.04.10"]
[Round "3"]
[White "Link, Fabian"]
[Black "Heinrich, Michael"]
[Result "1/2-1/2"]
[WhiteElo "1670"]
[BlackElo "1643"]
[PlyCount "76"]
[EventDate "2012.04.09"]
[EventType "swiss"]
[EventRounds "9"]
[EventCountry "GER"]
[SourceTitle "EXT 2015"]
[Source "ChessBase"]
[SourceDate "2014.11.20"]
[SourceVersion "1"]
[SourceVersionDate "2014.11.20"]
[SourceQuality "1"]

1. c4 e5 2. g3 Nf6 3. Bg2 Nc6 4. e4 Bc5 5. Ne2 0-0 6. 0-0 d6 7. Nbc3 Be6 8. d3 h6 9. h3 Qd7 10. Kh2 a6 11. f4 exf4 12. gxf4 Qe7 13. f5 Bd7 14. Ng3 Bd4 15. Nce2 Rfe8 16. Nxd4 Nxd4 17. Bf3 Rab8 18. Nh5 Nxh5 19. Bxh5 Qf6 20. Bf4 b5 21. Rg1 bxc4 22. Qd2 Nxf5 23. Rab1 Nh4 24. Bxh6 g6 25. Kh1 Re5 26. Rbf1 Qh8 27. Qf4 Qh7 28. Bxg6 Nxg6 29. Rxg6+ Qxg6 30. Rg1 Qxg1+ 31. Kxg1 Re6 32. Bg5 cxd3 33. Bf6 Rxf6 34. Qxf6 Bxh3 35. Qh4 Rxb2 36. Qg3+ Kf8 37. Qxd3 Be6 38. a3 Rb5 1/2-1/2

[Event "Unterfranken-ch HB 63th"]
[Site "Schweinfurt"]
[Date "2012.04.09"]
[Round "1"]
[White "Engelbrecht, Klaus"]
[Black "Heinrich, Michael"]
[Result "0-1"]
[WhiteElo "1152"]
[BlackElo "1643"]
[PlyCount "62"]
[EventDate "2012.04.09"]
[EventType "swiss"]
[EventRounds "9"]
[EventCountry "GER"]
[SourceTitle "EXT 2015"]
[Source "ChessBase"]
[SourceDate "2014.11.20"]
[SourceVersion "1"]
[SourceVersionDate "2014.11.20"]
[SourceQuality "1"]

1. e4 c5 2. Nf3 d6 3. c3 Nf6 4. Bb5+ Bd7 5. Qe2 Nc6 6. d4 cxd4 7. cxd4 e6 8. 0-0 Be7 9. Bg5 0-0 10. e5 Nd5 11. Bxe7 Qxe7 12. Nbd2 a6 13. exd6 Qxd6 14. Bxc6 Bxc6 15. Ne4 Qb4 16. Qd2 Qb6 17. h4 h6 18. g3 Rad8 19. Kg2 Ne7 20. Qc2 Nf5 21. g4 Nxd4 22. Nxd4 Rxd4 23. f3 Qd8 24. Kg3 Bxe4 25. fxe4 Qd6+ 26. Kf3 Rd3+ 27. Ke2 Rd8 28. Rad1 Rxd1 29. Qxd1 Qh2+ 30. Rf2 Qxf2+ 31. Kxf2 Rxd1 0-1